000 00773nam a2200265Ia 4500
008
020 _a1561341967 (hbk.)
049 _aMAIN
090 _aHC101
245 0 0 _aEconomics 93/94 /
_cDon Cole.
250 _a22nd ed.
260 _aGuilford, Conn. :
_bDushkin Publishing Group,
_cc1993.
300 _a243 p. :
_bill . ;
_c28 cm.
440 0 _aAnnual editions series
500 _aCover title: Annual editions, economics.
651 0 _aUnited States
_xEconomic conditions
_y1971-
650 0 _aEconomics.
700 1 _aCole, Don.
740 0 _aAnnual editions, economics 93/94.
907 _a.b10061435
_b23-07-13
_c17-04-03
003
005 20230123133237.0
040 _cNUST
942 _cBOOKS
_kHC101
999 _c145233
_d145233